00757nam a2200193 a 4500003000200000005001700002008004100019050003600060100003100096245008400127260009300211300004000304504004100344650002900385650004100414650003900455650003300494650003600527020250303131359.0120724s19uu xx 00 eng d aPGS HQ 784.T4.T87b.So693 2012  aSomeda, Masahiko Joshua D. aTV show preferences and students social behavior /cMasahiko Joshua D. Someda. aLas Piñas City, Philippines : bSouthville International School and Colleges, c2012. a32 pages :billustrations ;c28 cm. aIncludes bibliographical references. aTelevision and children. aTelevision programsvSocial aspects. aTelevisionvPsychological aspects. aSocial behavior in children. aMass mediavInfluence on youth.